[Event "Tournament 14459 - Europe Echecs"]
[Site "Europe Echecs"]
[Date "2020.07.07"]
[Round "7"]
[Time "17:22:51"]
[PlyCount "60"]
[White "CortadellasJul"]
[Black "LoosliTheo"]
[WhiteElo "1114"]
[BlackElo "799"]
[Mode "WEB"]
[Result "1-0"]

1. d4 d5 2. c4 dxc4 3. Nc3 Nc6 4. Nf3 Bg4 5. d5 Nb8 6. e4 e6 7. Bxc4 exd5 8.
exd5 Qe7+ 9. Be2 Bxf3 10. gxf3 Qd8 11. Bf4 Bb4 12. Qa4+ Nd7 13. Qxb4 b6 14.
O-O-O Ngf6 15. d6 O-O 16. dxc7 Qc8 17. Rhg1 g6 18. Bh6 Re8 19. Bf4 a5 20. Qb5
Kh8 21. Bf1 Re7 22. Bh3 Ne8 23. Bxd7 Rxd7 24. Qxd7 Qb7 25. Rge1 Qxf3 26. Rxe8+
Rxe8 27. Qxe8+ Kg7 28. Qe5+ f6 29. Qe7+ Kg8 30. Rd8# {LoosliTheo est échec et mat} 1-0

[Event "Tournament 14459 - Europe Echecs"]
[Site "Europe Echecs"]
[Date "2020.07.07"]
[Round "7"]
[Time "17:22:51"]
[PlyCount "88"]
[White "DincovChristia"]
[Black "BourloisMael"]
[WhiteElo "1019"]
[BlackElo "1113"]
[Mode "WEB"]
[Result "1/2-1/2"]

1. e4 e5 2. Nf3 Nc6 3. Bb5 Nf6 4. Nc3 Bb4 5. a3 Bxc3 6. dxc3 Nxe4 7. Qe2 f5 8.
Bxc6 bxc6 9. Nxe5 Qe7 10. f3 Qxe5 11. fxe4 fxe4 12. g3 d5 13. Bf4 Qf5 14. Bxc7
O-O 15. Rf1 Qd7 16. Rxf8+ Kxf8 17. Qf2+ Kg8 18. Ba5 Ba6 19. Bb4 Qc7 20. O-O-O c5
21. Bxc5 Bb7 22. Rf1 h6 23. Bxa7 Ba6 24. Bb6 Qb7 25. Bd4 Bxf1 26. Qxf1 Rb8 27.
b3 Qe7 28. Qf5 Qxa3+ 29. Kd2 Qd6 30. Qg4 g6 31. Qh4 h5 32. Qg5 Rb7 33. Qh6 Rh7
34. Qg5 Kf7 35. b4 h4 36. Bc5 Qc7 37. Qxd5+ Kg7 38. Bd6 e3+ 39. Kd3 Qf7 40. Be5+
Kh6 41. Bf4+ Kg7 42. Be5+ Kh6 43. Bf4+ Kg7 44. Be5+ {Nulle par répétition} 1/2-1/2

[Event "Tournament 14459 - Europe Echecs"]
[Site "Europe Echecs"]
[Date "2020.07.07"]
[Round "7"]
[Time "17:22:51"]
[PlyCount "39"]
[White "ClairThibaud"]
[Black "ChennitAriles"]
[WhiteElo "980"]
[BlackElo "1110"]
[Mode "WEB"]
[Result "0-1"]

1. d4 d5 2. Bf4 e6 3. e3 c5 4. c3 Nc6 5. Nf3 Bd7 6. Bd3 Be7 7. O-O Nf6 8. Nbd2
O-O 9. h3 b6 10. dxc5 bxc5 11. Qb3 Nh5 12. Qb7 Na5 13. Qa6 Nxf4 14. exf4 Bc8 15.
Qxa5 Qxa5 16. Nb3 Qd8 17. Ne5 f6 18. Nc6 Qd7 19. Nca5 Bd6 {ClairThibaud a abandonné} 0-1

[Event "Tournament 14459 - Europe Echecs"]
[Site "Europe Echecs"]
[Date "2020.07.07"]
[Round "7"]
[Time "17:22:51"]
[PlyCount "24"]
[White "SinivassaneRoj"]
[Black "RobertAlexandr"]
[WhiteElo "1100"]
[BlackElo "799"]
[Mode "WEB"]
[Result "1-0"]

1. e4 e5 2. c3 Nf6 3. Bc4 Nxe4 4. Qb3 Bc5 5. Bxf7+ Ke7 6. d3 Nxf2 7. Bg5+ Kf8 8.
Bxd8 Nxh1 9. d4 exd4 10. cxd4 Bxd4 11. Bh5 Bxg1 12. Qf7# {RobertAlexandr est échec et mat} 1-0

[Event "Tournament 14459 - Europe Echecs"]
[Site "Europe Echecs"]
[Date "2020.07.07"]
[Round "7"]
[Time "17:22:51"]
[PlyCount "75"]
[White "BaronArthur"]
[Black "BelliniMatteo"]
[WhiteElo "950"]
[BlackElo "1098"]
[Mode "WEB"]
[Result "0-1"]

1. e4 e5 2. Nf3 Nc6 3. d4 exd4 4. Bc4 Nf6 5. e5 Ng4 6. Bxf7+ Kxf7 7. Ng5+ Ke8 8.
Qxg4 Nxe5 9. Qg3 Nc6 10. Qf3 Qe7+ 11. Ne4 d5 12. Bg5 dxe4 13. Bxe7 exf3 14. Bxf8
Rxf8 15. Rg1 Nb4 16. Na3 Be6 17. b3 Rd8 18. gxf3 Rxf3 19. Rxg7 Bf5 20. Kd2 Rxf2+
21. Kc1 Rf1+ 22. Kb2 Rxa1 23. Kxa1 Bxc2 24. Rxc7 d3 25. Nc4 b5 26. Nd2 Rd7 27.
Rc8+ Rd8 28. Rc7 Rd7 29. Rc8+ Ke7 30. a3 Nd5 31. Rc5 Ne3 32. Re5+ Kf6 33. Rxe3
Kf5 34. Kb2 Bd1 35. a4 bxa4 36. bxa4 Bxa4 37. Nc4 d2 {BaronArthur a abandonné} 0-1

[Event "Tournament 14459 - Europe Echecs"]
[Site "Europe Echecs"]
[Date "2020.07.07"]
[Round "7"]
[Time "17:22:51"]
[PlyCount "110"]
[White "JoinErnest"]
[Black "MaisonhauteEle"]
[WhiteElo "860"]
[BlackElo "1088"]
[Mode "WEB"]
[Result "0-1"]

1. d4 d5 2. c4 Nf6 3. Nc3 dxc4 4. e3 Nc6 5. Qa4 Bd7 6. d5 Ne5 7. Qc2 e6 8. dxe6
Bxe6 9. f4 Ng6 10. Nge2 Bd7 11. Bd2 Bb4 12. O-O-O O-O 13. g3 Bg4 14. Re1 Qd7 15.
Bg2 Rad8 16. Bxb7 c6 17. Ba6 Ne4 18. Bxc4 Nxd2 19. Rd1 Qe7 20. Rxd2 Qxe3 21.
Rhd1 Rd7 22. Kb1 Bxc3 23. Rxd7 Bxe2 24. Bxe2 Rb8 25. Rd8+ Rxd8 26. Rxd8+ Nf8 27.
bxc3 Qb6+ 28. Qb3 Qxd8 29. Bc4 h6 30. Bxf7+ Kh8 31. Bc4 Nd7 32. Qd1 Qb6+ 33. Bb3
Nc5 34. h4 a5 35. Ka1 Nxb3+ 36. Qxb3 Qg1+ 37. Qb1 Qxg3 38. Qb8+ Kh7 39. Qb1+ Qg6
40. Qxg6+ Kxg6 41. a4 Kf5 42. Ka2 Kxf4 43. Kb3 Kg4 44. Kc4 Kxh4 45. Kc5 g5 46.
Kxc6 g4 47. Kb6 g3 48. Kxa5 g2 49. Kb6 g1=Q+ 50. Kb5 Kg4 51. a5 h5 52. a6 h4 53.
a7 Qxa7 54. c4 h3 55. c5 {JoinErnest a abandonné} 0-1

[Event "Tournament 14459 - Europe Echecs"]
[Site "Europe Echecs"]
[Date "2020.07.07"]
[Round "7"]
[Time "17:22:51"]
[PlyCount "95"]
[White "BertrandCome"]
[Black "RoganovaMaxime"]
[WhiteElo "799"]
[BlackElo "1082"]
[Mode "WEB"]
[Result "0-1"]

1. e4 c5 2. Nc3 d6 3. Nf3 Nf6 4. Bb5+ Bd7 5. Bxd7+ Nbxd7 6. d3 g6 7. Bg5 Bg7 8.
Bxf6 Nxf6 9. O-O O-O 10. Nd5 Nxd5 11. exd5 Bxb2 12. Rb1 Bg7 13. Rxb7 e6 14. dxe6
fxe6 15. d4 cxd4 16. Nxd4 Qf6 17. Nc6 Rfc8 18. Nxa7 Qd4 19. Qxd4 Bxd4 20. Nxc8
Rxc8 21. Rb4 Be5 22. f4 Bg7 23. a4 Rxc2 24. a5 Ra2 25. Rb5 Bc3 26. Rb8+ Kg7 27.
Rb7+ Kf6 28. a6 Rxa6 29. f5 gxf5 30. g4 h6 31. gxf5 exf5 32. Rb5 Be5 33. Rb8 Ke6
34. Re8+ Kf6 35. Rf8+ Ke6 36. R8xf5 Ra2 37. R5f2 Bd4 38. Re1+ Kd7 39. Ree2 Rxe2
40. Kf1 Rxf2+ 41. Ke1 Ba7 42. h3 Ke6 43. h4 Ke5 44. h5 Ke4 45. Kd1 Be3 46. Ke1
Kd3 47. Kd1 Rf1# {BertrandCome est échec et mat} 0-1

[Event "Tournament 14459 - Europe Echecs"]
[Site "Europe Echecs"]
[Date "2020.07.07"]
[Round "7"]
[Time "17:22:51"]
[PlyCount "97"]
[White "ColinFelix"]
[Black "OuadiSammy"]
[WhiteElo "799"]
[BlackElo "1080"]
[Mode "WEB"]
[Result "0-1"]

1. e4 e5 2. Nf3 Nc6 3. Nc3 Nf6 4. Bb5 Bc5 5. Bxc6 bxc6 6. d3 O-O 7. Bg5 h6 8.
Bxf6 Qxf6 9. Qd2 d6 10. O-O-O Bb4 11. Kb1 Be6 12. a3 Ba5 13. h4 d5 14. g4 Qxf3
15. g5 d4 16. Qe2 Qxe2 17. Nxe2 Bg4 18. f3 Bxf3 19. Rh2 hxg5 20. hxg5 Rab8 21.
Rdh1 Bxh1 22. Rxh1 Bd2 23. Rd1 Bxg5 24. c3 dxc3 25. Nxc3 Be7 26. d4 exd4 27.
Rxd4 Bxa3 28. Ka2 Bxb2 29. Rd3 Bxc3 30. Rxc3 Rfe8 31. Rxc6 Rxe4 32. Rxc7 Ra8 33.
Kb3 a5 34. Ka3 a4 35. Rc2 Re3+ 36. Ka2 a3 37. Rc1 Re2+ 38. Ka1 a2 39. Rd1 Rb8
40. Rc1 Rb1+ 41. Rxb1 axb1=Q+ 42. Kxb1 f5 43. Kc1 f4 44. Kd1 Ra2 45. Kc1 f3 46.
Kb1 Rh2 47. Kc1 f2 48. Kd1 f1=Q# {ColinFelix est échec et mat} 0-1

[Event "Tournament 14459 - Europe Echecs"]
[Site "Europe Echecs"]
[Date "2020.07.07"]
[Round "7"]
[Time "17:22:51"]
[PlyCount "143"]
[White "RodionovVadim"]
[Black "KhantalinaIlar"]
[WhiteElo "1134"]
[BlackElo "1580"]
[Mode "WEB"]
[Result "0-1"]

1. d4 d5 2. c4 e6 3. Nc3 Nf6 4. Bg5 Be7 5. Nf3 Nbd7 6. e3 c6 7. Bd3 O-O 8. O-O
dxc4 9. Bxc4 b5 10. Bd3 Bb7 11. Nd2 a6 12. Bxf6 Bxf6 13. Qh5 g6 14. Qe2 Bg7 15.
Nde4 Qe7 16. a3 c5 17. dxc5 Nxc5 18. Nxc5 Qxc5 19. Rac1 Qc6 20. Be4 Qb6 21. Bxb7
Qxb7 22. b4 Rac8 23. Na2 Rc7 24. Rxc7 Qxc7 25. Rc1 Qe5 26. h3 Qb8 27. a4 bxa4
28. Qxa6 Bb2 29. Rc2 a3 30. g3 Rd8 31. Qe2 Qe5 32. Kg2 Qd5+ 33. Qf3 Qxa2 34. Qf6
Bxf6 35. Rxa2 Ra8 36. b5 Bd8 37. Kf3 f5 38. e4 Bc7 39. exf5 exf5 40. g4 fxg4+
41. Kxg4 Be5 42. Kf3 Bb2 43. Ke4 Rb8 44. Kd3 Rxb5 45. Kc4 Rf5 46. Kb3 Rxf2 47.
Kc4 Rf4+ 48. Kd3 Rd4+ 49. Ke2 Rh4 50. Kf2 Rxh3 51. Kg2 Rb3 52. Kh2 h5 53. Kg2 g5
54. Kh2 Kg7 55. Kg2 Kh6 56. Kh2 g4 57. Kg2 h4 58. Kh2 g3+ 59. Kg2 Kg5 60. Kh3
g2+ 61. Kxg2 Kf4 62. Kf2 h3 63. Kg1 Kg3 64. Kh1 Bd4 65. Rxa3 Rf3 66. Rd3 Ba1 67.
Rd1 Bb2 68. Rd3 Rxd3 69. Kg1 h2+ 70. Kf1 h1=Q+ 71. Ke2 Qd1# {RodionovVadim est échec et mat} 0-1

[Event "Tournament 14459 - Europe Echecs"]
[Site "Europe Echecs"]
[Date "2020.07.07"]
[Round "7"]
[Time "17:22:51"]
[PlyCount "89"]
[White "RomangNicolasT"]
[Black "KiyendeLibataE"]
[WhiteElo "1090"]
[BlackElo "1360"]
[Mode "WEB"]
[Result "0-1"]

1. d4 d5 2. Bf4 e6 3. Nf3 Be7 4. e3 Nf6 5. Nbd2 O-O 6. Bd3 Nc6 7. Ne5 Nxe5 8.
Bxe5 Bd6 9. Bxf6 Qxf6 10. Qh5 h6 11. O-O e5 12. dxe5 Bxe5 13. Nf3 Re8 14. Rfe1
c6 15. Rad1 Bxb2 16. Rb1 Be5 17. Kh1 Bc3 18. Re2 Be5 19. Nxe5 Rxe5 20. Qf3 Qg5
21. Kg1 Bg4 22. Qg3 Bxe2 23. Bxe2 Qxg3 24. fxg3 Rxe3 25. Bg4 Rae8 26. Kf1 R3e4
27. Bf3 R4e7 28. Kf2 b5 29. g4 Re5 30. Kg3 Rg5 31. h4 Rg6 32. h5 Rge6 33. Kf4
Rf6+ 34. Kg3 Re3 35. Rf1 g6 36. hxg6 Rxg6 37. Rb1 h5 38. Rb4 c5 39. Rxb5 hxg4
40. Rxc5 gxf3+ 41. Kf2 fxg2 42. Rc8+ Kg7 43. Kg1 Rf3 44. Rb8 Rf1+ {RomangNicolasT a abandonné} 0-1

[Event "Tournament 14459 - Europe Echecs"]
[Site "Europe Echecs"]
[Date "2020.07.07"]
[Round "7"]
[Time "17:22:51"]
[PlyCount "60"]
[White "OliveiraMateo"]
[Black "DetrazLorna"]
[WhiteElo "1317"]
[BlackElo "1032"]
[Mode "WEB"]
[Result "1-0"]

1. d4 d5 2. c4 e6 3. c5 b6 4. cxb6 axb6 5. Nc3 c5 6. Nf3 Nf6 7. Bg5 h6 8. Bh4
Be7 9. e3 Ne4 10. Bxe7 Nxc3 11. Bxd8 Nxd1 12. Bxb6 Nxb2 13. Bxc5 Ra4 14. Bb5+
Bd7 15. Bxa4 Nxa4 16. Rb1 Nc6 17. Ne5 Nxe5 18. Rb8+ Bc8 19. Rxc8+ Kd7 20. Rxh8
Nd3+ 21. Kd2 Ndxc5 22. dxc5 Nxc5 23. Rc1 Ne4+ 24. Ke2 Kd6 25. Rh7 g5 26. Rxf7
Nc5 27. Rxc5 Kxc5 28. Rb7 h5 29. a4 Kc6 30. Rb1 {DetrazLorna a abandonné} 1-0

[Event "Tournament 14459 - Europe Echecs"]
[Site "Europe Echecs"]
[Date "2020.07.07"]
[Round "7"]
[Time "17:22:51"]
[PlyCount "61"]
[White "BoursierIrina"]
[Black "DemirciNoe"]
[WhiteElo "799"]
[BlackElo "1240"]
[Mode "WEB"]
[Result "0-1"]

1. e4 d6 2. d4 Nf6 3. Nc3 g6 4. Bg5 Bg7 5. Bxf6 Bxf6 6. Bb5+ c6 7. Bc4 O-O 8.
Nf3 Bg4 9. O-O Bxf3 10. Qxf3 d5 11. exd5 cxd5 12. Bxd5 Nc6 13. Bxc6 bxc6 14. d5
cxd5 15. Nxd5 Bxb2 16. Rab1 Bg7 17. Rb7 Rb8 18. Rxb8 Qxb8 19. Nxe7+ Kh8 20. Nc6
Qc7 21. Nb4 Qc5 22. Qb3 Rb8 23. c3 a5 24. Qxf7 axb4 25. cxb4 Qxb4 26. Rd1 Rb7
27. Qe8+ Bf8 28. Rd4 Qb1+ 29. Rd1 Qxd1+ 30. Qe1 Qxe1# {BoursierIrina est échec et mat} 0-1

[Event "Tournament 14459 - Europe Echecs"]
[Site "Europe Echecs"]
[Date "2020.07.07"]
[Round "7"]
[Time "17:22:51"]
[PlyCount "112"]
[White "HermantAntoine"]
[Black "ToChu"]
[WhiteElo "980"]
[BlackElo "1210"]
[Mode "WEB"]
[Result "1-0"]

1. e4 e5 2. Nf3 Nc6 3. Bb5 d6 4. Nc3 Bd7 5. O-O Nf6 6. d3 a6 7. Ba4 b5 8. Bb3
Be6 9. Bxe6 fxe6 10. Bg5 Be7 11. Re1 h6 12. Bh4 O-O 13. d4 exd4 14. Nxd4 Nxd4
15. Qxd4 e5 16. Qd1 Nh7 17. Bxe7 Qxe7 18. Nd5 Qd7 19. h3 Nf6 20. Nxf6+ Rxf6 21.
Qg4 Qxg4 22. hxg4 Rg6 23. f3 c6 24. Red1 Rd8 25. b3 d5 26. exd5 Rxd5 27. Rxd5
cxd5 28. a4 bxa4 29. bxa4 Rc6 30. Rd1 Rxc2 31. Rxd5 Rc1+ 32. Kf2 Ra1 33. Rxe5
Rxa4 34. Re8+ Kf7 35. Ra8 Ra2+ 36. Ke3 Kg6 37. g3 Kh7 38. f4 g5 39. f5 Ra3+ 40.
Ke4 Rxg3 41. f6 Rxg4+ 42. Kf5 Rf4+ 43. Ke6 g4 44. Rxa6 g3 45. Ra1 g2 46. Rg1 Kg6
47. Rxg2+ Kh7 48. Rg7+ Kh8 49. Ra7 h5 50. Ke7 h4 51. f7 Kg7 52. Ke8 Re4+ 53. Re7
Rf4 54. f8=Q+ Kg6 55. Rg7+ Kh6 56. Qh8# {ToChu est échec et mat} 1-0

[Event "Tournament 14459 - Europe Echecs"]
[Site "Europe Echecs"]
[Date "2020.07.07"]
[Round "7"]
[Time "17:22:51"]
[PlyCount "76"]
[White "NouvianArthur"]
[Black "ClaverieCharle"]
[WhiteElo "1199"]
[BlackElo "1065"]
[Mode "WEB"]
[Result "1-0"]

1. e4 e5 2. Nf3 Nf6 3. Nc3 d6 4. Bc4 a6 5. d3 b5 6. Bd5 c6 7. Bb3 Be6 8. Bxe6
fxe6 9. Bg5 Be7 10. O-O d5 11. exd5 cxd5 12. h3 O-O 13. Nxe5 Bd6 14. Bf4 Bxe5
15. Bxe5 Nh5 16. Qxh5 Rf7 17. Qg4 Nc6 18. Bh2 Nb4 19. Qxe6 Nxc2 20. Rac1 Nb4 21.
Kh1 Nxd3 22. Rb1 Nxf2+ 23. Kg1 Nd3 24. Qxf7+ Kh8 25. Nxd5 Ne5 26. Qe6 Ng6 27.
Qf5 Nh4 28. Qf7 h6 29. Bc7 Qg5 30. Qf2 Qxd5 31. Bg3 Ng6 32. Qc2 Qg5 33. Bf2 Rf8
34. Rbe1 Nf4 35. Be3 Qxg2+ 36. Qxg2 Nxg2 37. Kxg2 Rg8 38. Kg3 {ClaverieCharle a abandonné} 1-0

[Event "Tournament 14459 - Europe Echecs"]
[Site "Europe Echecs"]
[Date "2020.07.07"]
[Round "7"]
[Time "17:22:51"]
[PlyCount "80"]
[White "RobbeLeni"]
[Black "SevindikKaan"]
[WhiteElo "1160"]
[BlackElo "799"]
[Mode "WEB"]
[Result "1-0"]

1. e4 e5 2. Nf3 Qe7 3. Nc3 Nc6 4. Bc4 d6 5. O-O Bg4 6. h3 Bxf3 7. Qxf3 Nd4 8.
Qd1 h5 9. Ne2 Nxe2+ 10. Qxe2 Nf6 11. d3 c5 12. Bg5 O-O-O 13. Rfd1 a6 14. a4 g6
15. Rd2 Bh6 16. Bxh6 Rxh6 17. Qe3 Rh7 18. Qe1 Kb8 19. Re2 Ng8 20. Ra3 f5 21.
exf5 gxf5 22. Rb3 Rd7 23. Bxg8 Rg7 24. Bc4 Rg5 25. Qd2 Rg7 26. Re1 Qf6 27. Re2
Qg6 28. f3 Qxg2+ 29. Rxg2 f4 30. Rxg7 Rxg7+ 31. Kf2 b5 32. axb5 axb5 33. Rxb5+
Rb7 34. Rxb7+ Kxb7 35. Qe2 Kb6 36. Qe4 Ka5 37. Qd5 Kb6 38. Qxd6+ Ka5 39. Qxc5+
Ka4 40. b3# {SevindikKaan est échec et mat} 1-0

[Event "Tournament 14459 - Europe Echecs"]
[Site "Europe Echecs"]
[Date "2020.07.07"]
[Round "7"]
[Time "17:22:51"]
[PlyCount "84"]
[White "FortinGuilhem"]
[Black "ErudelIrina"]
[WhiteElo "1043"]
[BlackElo "1620"]
[Mode "WEB"]
[Result "1-0"]

1. e4 e5 2. Nf3 Nc6 3. Bb5 Nge7 4. Bxc6 Nxc6 5. Nc3 Bc5 6. O-O d6 7. d3 Be6 8.
Be3 Bxe3 9. fxe3 Qd7 10. Nd2 O-O-O 11. a3 h5 12. b4 Bg4 13. Qe1 Rdg8 14. h3 Bxh3
15. gxh3 Qxh3 16. Qe2 g5 17. Qg2 Qe6 18. b5 Ne7 19. a4 h4 20. a5 a6 21. b6 c6
22. Kf2 h3 23. Qh2 g4 24. Ke2 g3 25. Qh1 g2 26. Qh2 gxf1=Q+ 27. Nxf1 Qg4+ 28.
Kd2 d5 29. exd5 cxd5 30. Kc1 d4 31. exd4 exd4 32. Na2 Qg5+ 33. Kb1 Qc5 34. Nd2
Qb5+ 35. Kc1 Nd5 36. c4 Qe8 37. cxd5 Qe1+ 38. Kb2 Qxd2+ 39. Qxd2 h2 40. Rh1 Rg1
41. Qf4 Rxh1 42. Qc7# {ErudelIrina est échec et mat} 1-0

[Event "Tournament 14459 - Europe Echecs"]
[Site "Europe Echecs"]
[Date "2020.07.07"]
[Round "7"]
[Time "17:22:51"]
[PlyCount "134"]
[White "YakoubenBadis"]
[Black "ErudelMaeva"]
[WhiteElo "1036"]
[BlackElo "1500"]
[Mode "WEB"]
[Result "1-0"]

1. e4 e6 2. d4 d5 3. e5 c5 4. Be3 Qb6 5. dxc5 Bxc5 6. Bxc5 Qxc5 7. Nc3 Qb6 8.
Bb5+ Nc6 9. Qd3 a6 10. Bxc6+ bxc6 11. O-O-O Ne7 12. Nf3 Rb8 13. b3 a5 14. Na4
Qb4 15. Qc3 Qxc3 16. Nxc3 Ng6 17. Rd4 O-O 18. Ra4 Ra8 19. Rd1 Bd7 20. Rdd4 c5
21. Rd1 Bxa4 22. Nxa4 Rab8 23. Rd3 Rb7 24. Rc3 c4 25. bxc4 dxc4 26. Rxc4 Rfb8
27. Nd2 Nxe5 28. Rc5 Ng4 29. Rxa5 Nxf2 30. Rc5 Ng4 31. h3 Nf6 32. Ra5 Rb5 33.
Ra6 Nd5 34. Nb3 R5b7 35. Kd2 g5 36. Nbc5 Rc7 37. Nb3 Nb4 38. Ra5 f6 39. Nac5 e5
40. a3 Nd5 41. Na6 Rb5 42. Rxb5 Rd7 43. Kc1 Nc3 44. Rc5 Rd1+ 45. Kb2 Na4+ 46.
Ka2 Nxc5 47. Naxc5 Rg1 48. Nd7 Kf7 49. a4 e4 50. Nd4 e3 51. a5 Rxg2 52. Nc5 e2
53. Nd3 f5 54. a6 f4 55. a7 f3 56. Nxf3 Rg3 57. a8=Q Rxf3 58. Qxf3+ Kg6 59. Qxe2
h5 60. Qe6+ Kg7 61. Qf5 Kh6 62. Qf6+ Kh7 63. Qxg5 Kh8 64. Qxh5+ Kg7 65. Ne5 Kg8
66. Qf7+ Kh8 67. Ng6# {ErudelMaeva est échec et mat} 1-0

[Event "Tournament 14459 - Europe Echecs"]
[Site "Europe Echecs"]
[Date "2020.07.07"]
[Round "7"]
[Time "17:22:51"]
[PlyCount "51"]
[White "FonsatJeanMarc"]
[Black "MenardEmma"]
[WhiteElo "1030"]
[BlackElo "1490"]
[Mode "WEB"]
[Result "0-1"]

1. e4 c5 2. d3 d6 3. Bf4 Nf6 4. e5 dxe5 5. Bxe5 g6 6. Bxf6 exf6 7. Qe2+ Qe7 8.
Qxe7+ Bxe7 9. c3 O-O 10. d4 cxd4 11. cxd4 Bf5 12. Nc3 Nc6 13. Nd5 Bb4+ 14. Nxb4
Nxb4 15. f3 Nc2+ 16. Kd2 Nxa1 17. g4 Be6 18. Bg2 Rad8 19. Nh3 Rxd4+ 20. Kc3 Rc4+
21. Kd3 Nc2 22. b3 Rc5 23. f4 Bxg4 24. Nf2 Rd8+ 25. Ke4 f5# {FonsatJeanMarc est échec et mat} 0-1

[Event "Tournament 14459 - Europe Echecs"]
[Site "Europe Echecs"]
[Date "2020.07.07"]
[Round "7"]
[Time "17:22:51"]
[PlyCount "132"]
[White "TirateauTom"]
[Black "LoppinTya"]
[WhiteElo "1440"]
[BlackElo "1021"]
[Mode "WEB"]
[Result "1/2-1/2"]

1. e4 e5 2. Nf3 Nc6 3. Nc3 Nf6 4. Bb5 Bb4 5. d3 d6 6. Bg5 Bd7 7. O-O O-O 8. Qe2
a6 9. Ba4 b5 10. Bb3 a5 11. a3 Bc5 12. Nxb5 h6 13. Bh4 a4 14. Ba2 Nd4 15. Nbxd4
exd4 16. h3 Re8 17. Qd2 Be6 18. Bxe6 Rxe6 19. Rfe1 d5 20. exd5 Qxd5 21. Bxf6
Rxf6 22. Qe2 Re6 23. Qd2 Rae8 24. Rxe6 Rxe6 25. Re1 c6 26. Rxe6 Qxe6 27. Kf1 Qa2
28. c3 dxc3 29. bxc3 Qa1+ 30. Qe1 Qxa3 31. d4 Bd6 32. Qe2 Qc1+ 33. Qe1 Qc2 34.
Qe3 Qd1+ 35. Qe1 Qd3+ 36. Kg1 Ba3 37. Qe8+ Kh7 38. Qe3 Qxe3 39. fxe3 Bb2 40. c4
a3 41. Nd2 a2 42. Nb3 a1=Q+ 43. Nxa1 Bxa1 44. Kf2 Kg6 45. Kf3 Kf6 46. Kf4 Ke6
47. Ke4 Kd6 48. c5+ Kd7 49. Ke5 f6+ 50. Ke4 g6 51. g4 f5+ 52. gxf5 gxf5+ 53.
Kxf5 Ke7 54. Ke5 Kd7 55. Kf6 Ke8 56. Kg6 h5 57. Kxh5 Kf7 58. Kg5 Bb2 59. h4 Bc1
60. h5 Kg7 61. h6+ Kh7 62. Kf5 Bxe3 63. Ke6 Bxd4 64. Kd6 Bxc5+ 65. Kxc5 Kxh6 66.
Kxc6 {Aucun joueur n'a le mat&eacute;riel pour mater} 1/2-1/2

[Event "Tournament 14459 - Europe Echecs"]
[Site "Europe Echecs"]
[Date "2020.07.07"]
[Round "7"]
[Time "17:22:51"]
[PlyCount "63"]
[White "MinaudierMouss"]
[Black "MadatyanEdgar"]
[WhiteElo "1410"]
[BlackElo "1020"]
[Mode "WEB"]
[Result "0-1"]

1. e4 e5 2. Nf3 Nc6 3. Nc3 Nf6 4. Bc4 Bc5 5. O-O d6 6. d3 h6 7. h3 Nd4 8. Nd5
Nxf3+ 9. Qxf3 Be6 10. Nxf6+ gxf6 11. Bxe6 fxe6 12. Qh5+ Kd7 13. Qf7+ Kc8 14.
Qxe6+ Kb8 15. Qb3 b6 16. Be3 Bxe3 17. fxe3 Rg8 18. d4 exd4 19. exd4 Qd7 20.
Qxg8+ Kb7 21. Qd5+ c6 22. Qc4 d5 23. exd5 cxd5 24. Qb3 Rg8 25. c4 dxc4 26. Qxc4
Rg7 27. Rxf6 Qxh3 28. Qd5+ Ka6 29. b4 Qe3+ 30. Kh1 Qg5 31. Rf3 Qxg2# {MinaudierMouss est échec et mat} 0-1

[Event "Tournament 14459 - Europe Echecs"]
[Site "Europe Echecs"]
[Date "2020.07.07"]
[Round "7"]
[Time "17:22:51"]
[PlyCount "108"]
[White "GerandiPierreM"]
[Black "GadoisArnaud"]
[WhiteElo "1330"]
[BlackElo "950"]
[Mode "WEB"]
[Result "1-0"]

1. e4 e5 2. Nf3 Nc6 3. d4 exd4 4. Nxd4 Nf6 5. Nxc6 bxc6 6. Nc3 Bb4 7. Bd3 O-O 8.
Bd2 Bb7 9. O-O Re8 10. f3 c5 11. a3 Ba5 12. Kh1 d5 13. exd5 Bxd5 14. Nxd5 Bxd2
15. Nxf6+ Qxf6 16. Qxd2 Qxb2 17. Rfb1 Qe5 18. Re1 Qf6 19. Rxe8+ Rxe8 20. Re1
Rxe1+ 21. Qxe1 g6 22. h3 g5 23. Qe8+ Kg7 24. Qb8 Qa1+ 25. Kh2 Qe5+ 26. Kg1 Qa1+
27. Kf2 Qd4+ 28. Ke2 Qe5+ 29. Kd2 Qf4+ 30. Kc3 Qe5+ 31. Kd2 Qf4+ 32. Kc3 Qe5+
33. Kc4 Qd4+ 34. Kb3 Qd5+ 35. Bc4 Qe5 36. Qxa7 Qe3+ 37. Ka4 Qe8+ 38. Bb5 c6 39.
Bc4 h5 40. Qxc5 Qa8+ 41. Qa5 Qe8 42. Qc3+ f6 43. Kb3 Qb8+ 44. Qb4 Qg3 45. Qb7+
Kg6 46. Qf7+ Kh6 47. Qf8+ Kg6 48. Bg8 g4 49. Qf7+ Kf5 50. Qe6+ Kg6 51. Qe4+ f5
52. Qe6+ Kg5 53. Qe7+ Kh6 54. Qf6# {GadoisArnaud est échec et mat} 1-0

[Event "Tournament 14459 - Europe Echecs"]
[Site "Europe Echecs"]
[Date "2020.07.07"]
[Round "7"]
[Time "17:22:51"]
[PlyCount "99"]
[White "TaralloAurian"]
[Black "FournierLucas"]
[WhiteElo "1007"]
[BlackElo "1320"]
[Mode "WEB"]
[Result "0-1"]

1. e4 c5 2. Nc3 d6 3. Bc4 e6 4. d3 Nc6 5. Nf3 Nf6 6. Bf4 g6 7. O-O Bg7 8. Qd2
O-O 9. Bh6 Bxh6 10. Qxh6 Re8 11. Ng5 Nb4 12. Rab1 Nxc2 13. Nd5 exd5 14. Bxd5 Nd4
15. Bxf7+ Kh8 16. Bxg6 Re7 17. Bxh7 Nxh7 18. Qf6+ Nxf6 19. Kh1 Ng4 20. Rbe1 Nc2
21. Re2 Nd4 22. Rd2 Rg7 23. Nf3 Nxf3 24. gxf3 Nxh2 25. Kxh2 Rh7+ 26. Kg3 Qg8+
27. Kf4 Re7 28. Ke3 Qg5+ 29. Ke2 b5 30. b3 b4 31. d4 Ba6+ 32. Kd1 cxd4 33. Rxd4
Rb8 34. Re1 Qg2 35. Rxd6 Qxf3+ 36. Kc1 Qf4+ 37. Kb1 Qxd6 38. Rh1+ Kg8 39. Rg1+
Kf8 40. Rg5 Qe6 41. f4 Qxe4+ 42. Kb2 Qxf4 43. Rg6 Qe5+ 44. Kc1 Rc8+ 45. Kb1 Qe4+
46. Kb2 Qxg6 47. Ka1 Re3 48. Kb2 Qg2+ 49. Kb1 Re1# {TaralloAurian est échec et mat} 0-1

[Event "Tournament 14459 - Europe Echecs"]
[Site "Europe Echecs"]
[Date "2020.07.07"]
[Round "7"]
[Time "17:22:51"]
[PlyCount "30"]
[White "HanszJules"]
[Black "JarryEliot"]
[WhiteElo "1310"]
[BlackElo "890"]
[Mode "WEB"]
[Result "1-0"]

1. e4 e5 2. Nf3 Nc6 3. Bc4 Bc5 4. d3 Nf6 5. Bg5 d6 6. h3 Be6 7. Nc3 Bxc4 8. dxc4
O-O 9. Nd5 h6 10. Bxf6 gxf6 11. Nh4 Qd7 12. Qc1 Qe7 13. Qxh6 Qe6 14. Nf5 Nd4 15.
Qg7# {JarryEliot est échec et mat} 1-0

[Event "Tournament 14459 - Europe Echecs"]
[Site "Europe Echecs"]
[Date "2020.07.07"]
[Round "7"]
[Time "17:22:51"]
[PlyCount "48"]
[White "DesfontaineArt"]
[Black "AndreaniEleono"]
[WhiteElo "1250"]
[BlackElo "799"]
[Mode "WEB"]
[Result "1-0"]

1. d4 d5 2. Nc3 e6 3. Bf4 Bb4 4. Qd2 Nf6 5. O-O-O Qd7 6. a3 Bxa3 7. bxa3 Qc6 8.
e3 O-O 9. Qd3 h6 10. Nf3 e5 11. dxe5 Ne4 12. Nxe4 dxe4 13. Qb3 Be6 14. Qb2 exf3
15. gxf3 Qxf3 16. Bd3 Qxf2 17. Rdf1 Qh4 18. Qxb7 Nd7 19. Rhg1 Nc5 20. Qc6 Nxd3+
21. cxd3 Bf5 22. Qc3 Rab8 23. e6 Bxe6 24. Qxg7# {AndreaniEleono est échec et mat} 1-0

[Event "Tournament 14459 - Europe Echecs"]
[Site "Europe Echecs"]
[Date "2020.07.07"]
[Round "7"]
[Time "17:22:51"]
[PlyCount "36"]
[White "NicotAnna"]
[Black "BaudinMarkus"]
[WhiteElo "1220"]
[BlackElo "799"]
[Mode "WEB"]
[Result "1-0"]

1. e4 e5 2. Nf3 Bc5 3. d4 exd4 4. Nxd4 a5 5. Nf5 Ba7 6. Nxg7+ Kf8 7. Nf5 Qf6 8.
h4 Qb6 9. Ne3 d5 10. exd5 c6 11. d6 Nd7 12. Qf3 Ne5 13. Qf6 Ng4 14. Qxh8 Nxe3
15. Bxe3 Qb4+ 16. Nc3 Qxb2 17. Rd1 Qa1 18. Rxa1 {BaudinMarkus a abandonné} 1-0

[Event "Tournament 14459 - Europe Echecs"]
[Site "Europe Echecs"]
[Date "2020.07.07"]
[Round "7"]
[Time "17:22:51"]
[PlyCount "81"]
[White "LayadiYasmine"]
[Black "BernardLudovic"]
[WhiteElo "1180"]
[BlackElo "799"]
[Mode "WEB"]
[Result "0-1"]

1. e4 e5 2. Nf3 Nc6 3. Bc4 Nf6 4. Nc3 Bc5 5. Nxe5 Qe7 6. Nf3 d6 7. d3 d5 8. Bb3
d4 9. Nd5 Qe6 10. Nf4 Qe7 11. Nxd4 Bxd4 12. Bd2 Qe5 13. O-O Ng4 14. Qf3 Qf6 15.
Nd5 Qh6 16. h3 Qh4 17. Nxc7+ Kf8 18. Nxa8 Nce5 19. Bb4+ Ke8 20. Ba4+ b5 21. Nc7+
Kd8 22. hxg4 Nxf3+ 23. gxf3 Be5 24. Ne6+ Bxe6 25. Ba5+ Kc8 26. f4 Bxf4 27. Rfe1
bxa4 28. b4 Bxg4 29. f3 Qg3+ 30. Kf1 Bxf3 31. Re2 Bxe2+ 32. Kxe2 Qe3+ 33. Kf1
Bg3 34. Bb6 axb6 35. Kg2 Qf2+ 36. Kh3 Qh2+ 37. Kg4 Qf2 38. Kh5 Qf4 39. d4 Bh4
40. d5 Qg5# {LayadiYasmine est échec et mat} 0-1